Makeup Brands - Statistics

General Stats
  • This quiz has been taken 2,406 times
  • The average score is 6 of 45
Answer Stats
Hint Answer % Correct
MAC
67%
L'oreal
56%
Urban Decay
38%
NYX
36%
Sephora
36%
Benefit
34%
Nars
32%
Too Faced
31%
Covergirl
27%
Revlon
27%
Anastasia
26%
Clinique
24%
Esteé Lauder
24%
Lancome
19%
Bobbi Brown
18%
BareMinerals
13%
Smashbox
13%
ULTA
12%
Essence
11%
Laura Mercier
11%
Avon
10%
Rimmel London
10%
Maybelline NY
7%
Olay
6%
Elizabeth Arden
5%
Mary Kay
5%
Neutrogena
5%
it Cosmetics
4%
Physicians Formula
4%
OPI
3%
BH Cosmetics
2%
Dermalogica
2%
EOS
2%
Essie
2%
Hard Candy
2%
Bior
1%
Butter London
1%
China Glaze
1%
Eco Tools
1%
Philosophy
1%
Real Techniques
1%
Sally Hanson
1%
BareEscentuals
0%
Em Cosmetics
0%
Shany
0%
No matching quizzes found
Score Distribution
Percent of People with Each Score
Percentile by Number Answered
Your Score History
You have not taken this quiz